Statistics for Rich Countries Bordering Poor Countries

Click here to take the quiz!

General Stats

  • This quiz has been taken 22,925 times
    (6,507 since last reset)
  • The average score is 21 of 31

Answer Stats

Country % Correct
China
97%
Russia
96%
South Korea
86%
North Korea
85%
Iran
82%
South Africa
81%
Syria
79%
Iraq
79%
Saudi Arabia
79%
Turkey
78%
Israel
77%
Afghanistan
77%
Oman
75%
Yemen
75%
Turkmenistan
67%
Mozambique
66%
Niger
65%
Kazakhstan
65%
D.R. of the Congo
64%
Eswatini
63%
Kyrgyzstan
59%
Indonesia
57%
Algeria
56%
Haiti
55%
Dominican Republic
55%
Zimbabwe
53%
Botswana
52%
Angola
51%
East Timor
50%
Somalia
39%
Djibouti
32%

Score Distribution

Percentile by Number Answered

Percent of People with Each Score

Your Score History

You have not taken this quiz since the last reset